El deterioro regional: una manifestación en la producción tabacalera correntina 1976-1981 (Registro nro. 16460)
[ vista simple ]
| 000 -LEADER | |
|---|---|
| fixed length control field | 00382 a2200109 4500 |
| 001 - CONTROL NUMBER | |
| control field | ART_3513 |
| 005 - DATE AND TIME OF LATEST TRANSACTION | |
| control field | 20260410161715.0 |
| 008 - FIXED-LENGTH DATA ELEMENTS--GENERAL INFORMATION | |
| fixed length control field | 260409a |
| 100 1# - MAIN ENTRY--PERSONAL NAME | |
| Personal name | Manzanal, Mabel |
| 245 10 - TITLE STATEMENT | |
| Title | El deterioro regional: una manifestación en la producción tabacalera correntina 1976-1981 |
| 773 0# - HOST ITEM ENTRY | |
| Title | Desarrollo económico |
| Related parts | - Vol. 26, Nº 103 (oct./dic. 1986) |
| Record control number | REV1174 |
No hay ítems disponibles.